| 000 | 00385nam a22001577a 4500 | ||
|---|---|---|---|
| 999 |
_c1271 _d1271 |
||
| 008 | 200120b ||||| |||| 00| 0 eng d | ||
| 082 | 0 | 0 |
_a670.423 _bM573 |
| 100 |
_9861 _aMerry, J. L. |
||
| 245 | 1 | 0 |
_aEngineering workshop practice _cby J L Merry |
| 250 | _a1st | ||
| 260 |
_aLondon _bEUP _c1949 |
||
| 300 | _aix,191p. | ||
| 365 | _d4.02 | ||
| 650 | 0 | _aWorkshop Technology | |
| 942 | _cBK | ||